| 000 | 00550nam a22001817a 4500 | ||
|---|---|---|---|
| 999 |
_c191050 _d191050 |
||
| 005 | 20220818101449.0 | ||
| 010 | _aENG-134482 | ||
| 020 |
_a9788186772447 _c1495.00 |
||
| 035 | _aEN-118014 | ||
| 037 | _bDBAD/PUB | ||
| 082 | _a519.535 | ||
| 100 | _aSingh, V S | ||
| 245 |
_aMultivariate Statistics/ _cV S Singh |
||
| 260 |
_aNew Delhi _bNew Academic Publishers _c2011 |
||
| 270 |
_a4760-61, 23 Ansari Road _bNew Delhi _e110002 _mnapindia@vsnl.net |
||
| 300 |
_aix, 303p. _bBibliography _c23cm(hb) |
||
| 942 |
_2ddc _cEN _h519.535 _mMUL |
||